Who's that Civilization! - Statistics

General Stats
  • This quiz has been taken 731 times
  • The average score is 33 of 45
Answer Stats
Question Tile Select % Correct
Classical Greek things. No
100%
Classical Greek things. Yes
98%
Classical Greek things. No
97%
Chinese things. No
94%
Egyptian things. No
92%
Chinese things. No
91%
Egyptian things. Yes
91%
Chinese things. Yes
90%
Egyptian things. Yes
90%
Classical Greek things. No
89%
Classical Greek things. Yes
89%
Chinese things. Yes
89%
Egyptian things. Yes
87%
ancient Mesopotamian things. No
86%
ancient Mesopotamian things. No
84%
Chinese things. Yes
84%
Chinese things. No
83%
Chinese things. No
82%
Egyptian things. No
81%
Classical Greek things. No
80%
Aztec things. No
80%
ancient Mesopotamian things. No
79%
Egyptian things. No
79%
ancient Mesopotamian things. Yes
77%
ancient Mesopotamian things. No
76%
Classical Greek things. Yes
75%
Aztec things. No
75%
Chinese things. Yes
75%
ancient Mesopotamian things. Yes
74%
ancient Mesopotamian things. Yes
73%
Aztec things. No
73%
Aztec things. Yes
69%
Aztec things. Yes
67%
Egyptian things. No
67%
Classical Greek things. Yes
65%
Aztec things. Yes
65%
ancient Mesopotamian things. Yes
64%
Aztec things. Yes
62%
Egyptian things. No
56%
Aztec things. Yes
55%
Classical Greek things. Yes
44%
ancient Mesopotamian things. Yes
42%
Chinese things. Yes
40%
Aztec things. Yes
19%
Egyptian things. Yes
18%
No matching quizzes found
Score Distribution
Percent of People with Each Score
Percentile by Number Answered
Your Score History
You have not taken this quiz